|
|
|
|
| LEADER |
00865cam a2200205 7i4500 |
| 001 |
0000001651 |
| 005 |
20190429090000.0 |
| 008 |
100817 eng |
| 020 |
|
|
|a 9058091082 (hbk.)
|
| 090 |
0 |
0 |
|a TE210.4
|b .D79 1999
|
| 245 |
0 |
0 |
|a Dry mix methods for deep soil stabilization :
|b proceeding of the International conference on dry mix methods for deep soil stabilization/stockholm/sweeden held on 13-15 October 1999
|c edited by Hakan Bredenberg,Goran Holm,Bengt B. Broms.
|
| 260 |
|
|
|a Brookfield:
|b A.A.Balkema,
|c 1999.
|
| 300 |
|
|
|a x, 358 p.;
|c 25 cm.
|
| 650 |
0 |
0 |
|a Soil stabilization
|
| 700 |
1 |
|
|a Holm, Goran
|
| 700 |
1 |
|
|a Bredenberg, Hakan
|
| 700 |
1 |
|
|a Broms, Beng B
|
| 997 |
|
|
|a Engineering & Life Sciences, Faculty
|b Engineering, Department
|
| 998 |
|
|
|a Civil Engineering, Degree
|
| 999 |
|
|
|a 0000002712
|b BOK
|c OPEN SHELF
|e 2nd Floor, Bestari Jaya
|